000 00774nas a2200253 4500
001 BR8602126
003 BR-BrBNA
005 20231205090439.0
007 ta
008 230509b bl.|||p| |||| 00| 00por d
040 _aBR-BrBNA
_bpor
_cBiblioteca Nacional de Agricultura
041 _a(Pt)
072 _aH20
100 1 _aToledo, A.C.D. de
100 1 _aSanguino, A.
100 1 _aDabri, I.B.
245 1 _aReacao de variedades de cana-de-acucar a escaldadura [Saccharum spp]
246 1 _aLeaf scald reaction in SP varieties
650 _aCANA DE ACUCAR
650 _aESCALDADURA
773 0 _tBoletim Tecnico COPERSUCAR (Brazil)
_xISSN 0100-2996
_g(Apr 1984), (no. 26) p. 22-23
_wBR8602126
909 _a202311
_bLúcia
_c55
_dLúcia Elande
942 _2AGRIS
_n0
_cANA
999 _c118478
_d118478